[Event "ICS rated standard match"]
[Site "204.178.125.65"]
[Date "2000.05.10"]
[Round "?"]
[White "alkhateeb"]
[Black "Hossa"]
[Result "1-0"]
[WhiteElo "2363"]
[BlackElo "2310"]
[PlyCount "105"]
[EventDate "2000.??.??"]

1. d4 d5 2. Nf3 Nf6 3. Bf4 Bf5 4. c4 dxc4 5. Qa4+ c6 6. Qxc4 Nbd7 7. Nc3 Nb6 8.
Qb3 e6 9. e3 Be7 10. Be2 Nfd5 11. Bg3 O-O 12. O-O Bd6 13. Ne5 f6 14. Nd3 Bxg3
15. hxg3 Bxd3 16. Bxd3 f5 17. Rfd1 Qg5 18. Nxd5 cxd5 19. a4 Rf7 20. Rac1 Rd8
21. Rc5 Qg4 22. Rdc1 Rb8 23. Rc7 Rxc7 24. Rxc7 h6 25. a5 Nc8 26. Rxb7 Rxb7 27.
Qxb7 Qd1+ 28. Bf1 Qc1 29. Qd7 Kf8 30. Qxe6 Ne7 31. b4 Qc6 32. Qe5 Qc8 33. b5
Qd8 34. b6 axb6 35. a6 Qa8 36. Bb5 Kf7 37. Qc7 Kf8 38. a7 Kf7 39. Qb8 Qxa7 40.
Qxa7 g6 41. Qxb6 f4 42. gxf4 Ng8 43. Qd6 Nf6 44. Bc6 h5 45. g3 h4 46. gxh4 Nh7
47. Bxd5+ Kg7 48. Kh2 Kh6 49. f5 Nf6 50. Qxf6 Kh7 51. fxg6+ Kh6 52. g7+ Kh5 53.
Qg5# {Hossa checkmated} 1-0

[Event "ICS rated blitz match"]
[Site "204.178.125.65"]
[Date "2000.05.10"]
[Round "?"]
[White "Hossa"]
[Black "LobowolfXXX"]
[Result "1-0"]
[WhiteElo "2450"]
[BlackElo "1966"]
[PlyCount "75"]
[EventDate "2000.??.??"]

1. e4 c5 2. Nf3 e6 3. d4 cxd4 4. Nxd4 Nc6 5. Nc3 a6 6. Be2 Qc7 7. Be3 Nf6 8.
O-O b6 9. Na4 h5 10. Nxc6 dxc6 11. Nxb6 Ng4 12. g3 Rb8 13. Bxg4 hxg4 14. Nxc8
Rxc8 15. Qxg4 Rh7 16. Rfd1 Be7 17. Qe2 f6 18. Qxa6 Kf7 19. Bb6 Qb8 20. Rd7 Rch8
21. h4 g5 22. Bc5 Re8 23. Rb7 Qe5 24. Bxe7 Kg6 25. Bxf6 Qxf6 26. hxg5 Rh1+ 27.
Kg2 Rh2+ 28. Kxh2 Rh8+ 29. Kg2 Qxg5 30. Qxc6 Qg4 31. Rb5 Qh3+ 32. Kf3 Rf8+ 33.
Ke3 Qh6+ 34. f4 Qh3 35. Rg5+ Kh6 36. Qxe6+ Qxe6 37. Rh1+ Qh3 38. Rxh3# 1-0

[Event "ICS rated blitz match"]
[Site "204.178.125.65"]
[Date "2000.05.10"]
[Round "?"]
[White "Hossa"]
[Black "avishai"]
[Result "1-0"]
[WhiteElo "2452"]
[BlackElo "1998"]
[PlyCount "41"]
[EventDate "2000.??.??"]

1. e4 e5 2. Nf3 Nc6 3. Nc3 Nf6 4. Nxe5 Nxe5 5. d4 Ng6 6. e5 Ng8 7. Bc4 Nh6 8.
Bxh6 gxh6 9. Qf3 d5 10. Nxd5 Be6 11. Nf6+ Ke7 12. Qa3+ Qd6 13. Nd5+ Bxd5 14.
exd6+ Ke6 15. Bxd5+ Kxd5 16. Qc5+ Ke6 17. Qxc7 Bxd6 18. d5+ Ke5 19. Qxf7 Rae8
20. O-O-O Rhf8 21. Rhe1# {avishai checkmated} 1-0

[Event "ICS rated blitz match"]
[Site "204.178.125.65"]
[Date "2000.05.10"]
[Round "?"]
[White "avishai"]
[Black "Hossa"]
[Result "0-1"]
[WhiteElo "1973"]
[BlackElo "2454"]
[PlyCount "62"]
[EventDate "2000.??.??"]

1. e4 e5 2. Nf3 Nc6 3. Be2 Nf6 4. d3 d5 5. Nbd2 Bd6 6. c3 O-O 7. O-O Bd7 8. b4
a5 9. b5 Ne7 10. a4 Bg4 11. h3 Be6 12. Bb2 Ng6 13. c4 d4 14. Rc1 Nd7 15. Nb3
Bb4 16. Rc2 f5 17. Qc1 Nb6 18. exf5 Rxf5 19. Qa1 Nf4 20. Nh2 Rg5 21. Bg4 Bxg4
22. hxg4 Nxd3 23. c5 Nd5 24. Qa2 Nxb2 25. Rxb2 Nc3 26. Qa1 d3 27. Nd2 e4 28.
Re1 Ne2+ 29. Kf1 Qd4 30. Rb3 Qxf2+ 31. Kxf2 Bxc5+ {avishai resigns} 0-1

[Event "ICS rated blitz match"]
[Site "204.178.125.65"]
[Date "2000.05.10"]
[Round "?"]
[White "Hossa"]
[Black "YJeepin420"]
[Result "0-1"]
[WhiteElo "2456"]
[BlackElo "2111"]
[PlyCount "124"]
[EventDate "2000.??.??"]

1. e4 e5 2. Nf3 Nf6 3. Nxe5 Qe7 4. d4 d6 5. Nf3 Qxe4+ 6. Be2 Bf5 7. c4 Be7 8.
Nc3 Qe6 9. d5 Qc8 10. Nd4 Bg6 11. O-O O-O 12. Nf3 Ne4 13. Nxe4 Bxe4 14. Ng5 Bf5
15. Re1 h6 16. Nf3 Bf6 17. Nd4 Re8 18. Nxf5 Qxf5 19. Rf1 Qe5 20. Bd3 Na6 21.
Rb1 Nb4 22. Be3 Nxd3 23. Qxd3 Qe4 24. Qb3 c5 25. Rfe1 b6 26. g3 Qf5 27. Qd1 Re4
28. Qc2 g6 29. Qa4 Qxd5 30. Bxh6 Rxc4 31. Qd7 Rc2 32. Re8+ Rxe8 33. Qxe8+ Kh7
34. Be3 Qxa2 35. Re1 Bxb2 36. Qe7 Be5 37. Qh4+ Kg8 38. Rd1 b5 39. Qd8+ Kg7 40.
Qh4 b4 41. Bh6+ Kg8 42. Qd8+ Kh7 43. Be3 b3 44. Qh4+ Kg8 45. Qe4 c4 46. Qb7 b2
47. Rf1 c3 48. Qb8+ Kg7 49. h4 Re2 50. h5 c2 51. h6+ Kh7 52. Bc1 Rxf2 53. Kxf2
Bd4+ 54. Kg2 Qd5+ 55. Kh2 Qh5+ 56. Kg2 Qe2+ 57. Rf2 Qxf2+ 58. Kh3 Qf1+ 59. Kh2
Bg1+ 60. Kh1 Qh3+ 61. Kxg1 bxc1=Q+ 62. Kf2 Qhf1# {Hossa checkmated} 0-1

[Event "ICS rated standard match"]
[Site "204.178.125.65"]
[Date "2000.05.10"]
[Round "?"]
[White "Hossa"]
[Black "solus"]
[Result "1-0"]
[WhiteElo "2296"]
[BlackElo "2085"]
[PlyCount "55"]
[EventDate "2000.??.??"]

1. e4 e6 2. d4 d5 3. Nc3 Bb4 4. e5 c5 5. a3 Bxc3+ 6. bxc3 Ne7 7. Qg4 Qc7 8.
Qxg7 Rg8 9. Qxh7 cxd4 10. Ne2 Nbc6 11. f4 Bd7 12. Qd3 dxc3 13. Qxc3 Rc8 14. Ng3
Qb6 15. Qd3 d4 16. Ne4 Nd5 17. Nd6+ Ke7 18. Qh7 Rcf8 19. Nxf7 Rxf7 20. Qxg8 Ne3
21. Bxe3 dxe3 22. O-O-O Nd4 23. Bd3 Ba4 24. Qg5+ Ke8 25. Qg4 Bxc2 26. Bxc2 Rxf4
27. Ba4+ Kd8 28. Qxf4 {solus resigns} 1-0

[Event "ICS rated blitz match"]
[Site "204.178.125.65"]
[Date "2000.05.10"]
[Round "?"]
[White "CYBERMEMERE"]
[Black "Hossa"]
[Result "0-1"]
[WhiteElo "2201"]
[BlackElo "2428"]
[PlyCount "21"]
[EventDate "2000.??.??"]

1. c4 e5 2. g3 Nf6 3. Bg2 c6 4. e3 d5 5. cxd5 cxd5 6. d4 exd4 7. exd4 Bb4+ 8.
Nc3 O-O 9. Nge2 Bg4 10. O-O Re8 11. a3 {CYBERMEMERE resigns} 0-1

[Event "ICS rated standard match"]
[Site "204.178.125.65"]
[Date "2000.05.10"]
[Round "?"]
[White "metaschack2"]
[Black "Hossa"]
[Result "0-1"]
[WhiteElo "2057"]
[BlackElo "2303"]
[PlyCount "172"]
[EventDate "2000.??.??"]

1. e4 e5 2. Nf3 Nc6 3. Bb5 a6 4. Ba4 Nf6 5. O-O Be7 6. Re1 b5 7. Bb3 d6 8. c3
O-O 9. h3 Bb7 10. d4 Re8 11. Ng5 Rf8 12. Nf3 Re8 13. Ng5 Rf8 14. Nf3 a5 15. Ng5
a4 16. Bc2 Re8 17. a3 Nd7 18. Nf3 Bf6 19. d5 Na5 20. Nbd2 Nc5 21. Nf1 Nab3 22.
Rb1 Nxc1 23. Rxc1 Rb8 24. Qd2 Ba8 25. Ne3 Rb6 26. g4 g6 27. Rcd1 Qd7 28. Kg2
Bg7 29. g5 Bb7 30. Ng4 Bc8 31. Rh1 Qe7 32. Qe3 Rd8 33. Nfh2 Bh8 34. f3 Bg7 35.
Nf1 Rf8 36. Ng3 f5 37. gxf6 Bxf6 38. Nxf6+ Qxf6 39. h4 Ba6 40. Rd2 Qf7 41. h5
Bc8 42. hxg6 Qxg6 43. Qh6 Qxh6 44. Rxh6 Kg7 45. Rh4 Rg8 46. f4 exf4 47. Rxf4
Rb8 48. Rdf2 Kh8 49. Kh2 Nd7 50. Rf7 Ne5 51. Rxc7 Ng4+ 52. Kg2 Nxf2 53. Kxf2
Bh3 54. Ne2 Rg2+ 55. Ke3 Bg4 56. Nd4 Rf8 57. e5 dxe5 58. Be4 exd4+ 59. Kxd4
Rd2+ 60. Ke5 Re8+ 61. Kf4 h5 62. Rb7 Rf2+ 63. Kg3 Rxb2 64. Bg6 Re3+ 65. Kh4
Rxc3 66. Kg5 Rxa3 67. Kh6 Rc3 68. Rh7+ Kg8 69. Rg7+ Kf8 70. Rf7+ Ke8 71. Rc7+
Kd8 72. Rxc3 Ke7 73. Rc6 h4 74. Kg5 Bd7 75. d6+ Kd8 76. Rb6 Rg2+ 77. Kf6 Kc8
78. Be4 Rf2+ 79. Kg5 h3 80. Ra6 Be8 81. Ra7 h2 82. Rg7 a3 83. Rh7 Kd8 84. Bd5
Rd2 85. Be4 Re2 86. Bd5 Re5+ {metaschack2 resigns} 0-1

[Event "ICS rated blitz match"]
[Site "204.178.125.65"]
[Date "2000.05.10"]
[Round "?"]
[White "CYBERMEMERE"]
[Black "Hossa"]
[Result "1-0"]
[WhiteElo "2188"]
[BlackElo "2441"]
[PlyCount "135"]
[EventDate "2000.??.??"]

1. e3 e5 2. d4 exd4 3. exd4 d5 4. Bd3 Nf6 5. Ne2 Bb4+ 6. Nbc3 O-O 7. O-O Be6 8.
Ng3 Nbd7 9. Qf3 Bg4 10. Qf4 c6 11. Qg5 Re8 12. Qh4 h6 13. Be3 Qc7 14. Rfe1 c5
15. Bf5 Bxc3 16. bxc3 Bxf5 17. Nxf5 cxd4 18. Bxd4 Kf8 19. Nxh6 Re4 20. Rxe4
dxe4 21. Nf5 Kg8 22. Ne7+ Kf8 23. Nf5 Kg8 24. Nxg7 Kxg7 25. Qg5+ Kh7 26. Bxf6
Nxf6 27. Qxf6 Re8 28. Qf5+ Kg7 29. Qg5+ Kh7 30. Qf6 Re6 31. Qd4 b5 32. Re1 f5
33. Rd1 Kg6 34. g3 a5 35. h4 e3 36. Re1 Re4 37. h5+ Kxh5 38. Qh8+ Kg6 39. Qg8+
Qg7 40. Qxg7+ Kxg7 41. Rxe3 Rxe3 42. fxe3 Kf6 43. Kf2 Ke5 44. Kf3 Kd5 45. Kf4
Ke6 46. e4 fxe4 47. Kxe4 Kd6 48. g4 Ke6 49. Kd4 Kd6 50. g5 Ke6 51. Kc5 a4 52.
Kxb5 a3 53. Kb4 Ke5 54. Kxa3 Ke6 55. Kb4 Kf5 56. a4 Kg6 57. a5 Kf5 58. a6 Ke5
59. a7 Kf4 60. a8=Q Kg4 61. g6 Kf5 62. g7 Ke5 63. g8=Q Kf4 64. Qaf8+ Ke5 65.
Qgg7+ Ke6 66. Qge7+ Kd5 67. Qfd8+ Kc6 68. Qec7# {Hossa checkmated} 1-0

[Event "ICS rated blitz match"]
[Site "204.178.125.65"]
[Date "2000.05.10"]
[Round "?"]
[White "Hossa"]
[Black "wwallace"]
[Result "1-0"]
[WhiteElo "2415"]
[BlackElo "2065"]
[PlyCount "27"]
[EventDate "2000.??.??"]

1. e4 d6 2. d4 Nf6 3. Nc3 Nbd7 4. Nf3 g6 5. e5 dxe5 6. dxe5 Ng4 7. e6 fxe6 8.
Ng5 Nde5 9. Qxd8+ Kxd8 10. h3 Nh6 11. Bf4 Bg7 12. O-O-O+ Ke8 13. Nb5 Kf8 14.
Rd8# 1-0

[Event "ICS rated standard match"]
[Site "204.178.125.65"]
[Date "2000.05.10"]
[Round "?"]
[White "Dovregubben"]
[Black "Hossa"]
[Result "1-0"]
[WhiteElo "2466"]
[BlackElo "2305"]
[PlyCount "111"]
[EventDate "2000.??.??"]

1. e4 e5 2. Nf3 Nc6 3. Bb5 a6 4. Bxc6 dxc6 5. Nc3 f6 6. d3 Bd6 7. Be3 Ne7 8.
Qe2 O-O 9. d4 exd4 10. Nxd4 c5 11. Nb3 b6 12. O-O-O a5 13. Qc4+ Rf7 14. Nd2 Ba6
15. Qb3 Qd7 16. a4 Be5 17. Nb5 Bd4 18. Bxd4 cxd4 19. Nf3 Bxb5 20. axb5 Qg4 21.
Nxd4 Qxe4 22. Ne6 c5 23. Rhe1 Qb4 24. Qd3 Ng6 25. Re4 c4 26. Rxc4 Qe7 27. Nd8
Ne5 28. Qd5 Rb8 29. Re4 Qf8 30. f4 Ng4 31. Nxf7 Qxf7 32. Re7 Qxd5 33. Rxd5 Nh6
34. Ra7 g6 35. Rdd7 Nf5 36. g4 Nh6 37. Rg7+ Kf8 38. Rxh7 Ng8 39. Rhf7+ Ke8 40.
Rg7 Kf8 41. Raf7+ Ke8 42. Rxg8+ Kxf7 43. Rxb8 f5 44. gxf5 gxf5 45. Rb7+ Ke6 46.
h4 Kd5 47. h5 Kc4 48. h6 Kxb5 49. Rf7 Kc4 50. h7 Kd5 51. h8=Q Ke4 52. Qh3 Kd5
53. Qxf5+ Kc6 54. Qe4+ Kb5 55. Rf5+ Ka6 56. Qa8# {Hossa checkmated} 1-0

[Event "ICS rated blitz match"]
[Site "204.178.125.65"]
[Date "2000.05.10"]
[Round "?"]
[White "scriabin"]
[Black "Hossa"]
[Result "1/2-1/2"]
[WhiteElo "2189"]
[BlackElo "2419"]
[PlyCount "122"]
[EventDate "2000.??.??"]

1. d4 Nf6 2. c4 e6 3. Nc3 Bb4 4. e3 b6 5. Nge2 Ba6 6. Ng3 Nc6 7. e4 e5 8. d5
Nd4 9. a3 Be7 10. b4 O-O 11. Be3 c5 12. b5 Bb7 13. Bd3 d6 14. a4 Qc7 15. f3 Bc8
16. Ra3 a6 17. Qa1 axb5 18. axb5 Bb7 19. O-O Rxa3 20. Qxa3 Ra8 21. Qb2 Qd8 22.
Ra1 Rxa1+ 23. Qxa1 Qb8 24. Nce2 Ba8 25. Qa6 Nd7 26. Nc3 Bh4 27. Nf5 Nxf5 28.
exf5 Be1 29. Qa3 Bh4 30. g3 Be7 31. Ne4 Nf6 32. g4 Qb7 33. g5 Nh5 34. Qa1 Qb8
35. Kg2 Bb7 36. Ng3 Nxg3 37. hxg3 f6 38. g6 h6 39. g4 Ba8 40. Kf2 Bd8 41. Qh1
Qa7 42. Be2 Bc7 43. Bxh6 gxh6 44. g5 fxg5 45. f6 Bd8 46. f7+ Kg7 47. Qxh6+ Kxh6
48. f8=Q+ Qg7 49. Qxd8 Bb7 50. Qxb6 Qe7 51. Bd3 g4 52. fxg4 Qh4+ 53. Ke2 Qxg4+
54. Kd2 Qf4+ 55. Kc2 Qf2+ 56. Kc3 Qd4+ 57. Kc2 Qf2+ 58. Kc3 Qd4+ 59. Kc2 Qf2+
60. Kc3 Qd4+ 61. Kc2 Qf2+ 1/2-1/2

[Event "ICS rated standard match"]
[Site "204.178.125.65"]
[Date "2000.05.10"]
[Round "?"]
[White "Hossa"]
[Black "bcd"]
[Result "1-0"]
[WhiteElo "2296"]
[BlackElo "2176"]
[PlyCount "77"]
[EventDate "2000.??.??"]

1. e4 c5 2. Nf3 Nc6 3. d4 cxd4 4. Nxd4 Nf6 5. Nc3 d6 6. Bg5 e6 7. Qd2 Be7 8.
O-O-O O-O 9. f4 h6 10. Bh4 a6 11. Nf3 Ne8 12. Bxe7 Qxe7 13. g4 b5 14. Kb1 Bb7
15. g5 h5 16. Rg1 g6 17. Nd4 Nxd4 18. Qxd4 e5 19. fxe5 dxe5 20. Qd2 Ng7 21. Bh3
Rfd8 22. Qf2 Rxd1+ 23. Rxd1 Rd8 24. Qe3 Rxd1+ 25. Nxd1 Qb4 26. Nf2 Qd4 27. Qxd4
exd4 28. e5 Ne6 29. Bxe6 fxe6 30. Nd3 Bd5 31. Nf4 Kf7 32. Ne2 b4 33. Nxd4 Ke7
34. a3 bxa3 35. b3 Kd7 36. Ka2 Kc7 37. c4 Be4 38. Nxe6+ Kd7 39. Nc5+ {
bcd resigns} 1-0

[Event "ICS rated blitz match"]
[Site "204.178.125.65"]
[Date "2000.05.15"]
[Round "?"]
[White "PostModernist"]
[Black "Hossa"]
[Result "1-0"]
[WhiteElo "2618"]
[BlackElo "2432"]
[PlyCount "99"]
[EventDate "2000.??.??"]

1. d4 d5 2. Nf3 e6 3. c4 Nf6 4. g3 dxc4 5. Qa4+ Nc6 6. Bg2 Bd7 7. Qxc4 Bd6 8.
Nc3 O-O 9. O-O Nb4 10. Bg5 Nc6 11. Bc1 Nb4 12. Ne5 Nc2 13. Rb1 c6 14. a3 c5 15.
Nxd7 Nxd7 16. dxc5 Bxc5 17. e3 Qc7 18. Qe4 Bxa3 19. Nb5 Qc8 20. bxa3 Qc5 21.
Qxb7 Ne5 22. Nc7 Rac8 23. Na6 Qd6 24. Qxa7 Rfd8 25. a4 Rd7 26. Rb7 Rxb7 27.
Qxb7 Qd8 28. Be4 Rc4 29. Bb2 Ng6 30. Bxg6 hxg6 31. Qb5 Qc8 32. Rd1 Kh7 33. Rd7
Nb4 34. Nxb4 Rxb4 35. Qxb4 Qxd7 36. Qd4 Qxd4 37. exd4 f5 38. a5 g5 39. a6 f4
40. a7 fxg3 41. fxg3 Kg6 42. a8=Q Kh6 43. Qh8+ Kg6 44. Qe8+ Kh6 45. Qxe6+ Kh7
46. d5 g4 47. d6 g5 48. Qf7+ Kh6 49. Qg7+ Kh5 50. Qh7# {Hossa checkmated} 1-0

[Event "ICS rated blitz match"]
[Site "204.178.125.65"]
[Date "2000.05.15"]
[Round "?"]
[White "Hossa"]
[Black "QueenMaxima"]
[Result "1-0"]
[WhiteElo "2410"]
[BlackElo "2550"]
[PlyCount "102"]
[EventDate "2000.??.??"]

1. e4 e6 2. d4 d5 3. Nc3 Nf6 4. Bg5 Be7 5. e5 Nfd7 6. Bxe7 Qxe7 7. f4 a6 8. Nf3
c5 9. dxc5 Nc6 10. Qd2 Qxc5 11. O-O-O b5 12. Ne2 O-O 13. Ned4 Bb7 14. Nb3 Qb6
15. Nbd4 Nc5 16. Nxc6 Bxc6 17. Qe3 b4 18. Kb1 Ba4 19. Qf2 Qc7 20. Bd3 f6 21.
Rhe1 fxe5 22. Nxe5 Nxd3 23. Rxd3 Rac8 24. Rd2 Qb8 25. Qe2 Qb6 26. Qg4 Rb8 27.
Qg5 Rf5 28. Qg3 Rc8 29. Qf3 Qa5 30. b3 Be8 31. Qf2 Rh5 32. g4 Rh6 33. g5 Rh5
34. Qa7 h6 35. Qe7 Qc5 36. Qxe6+ Kf8 37. Qf5+ Kg8 38. Rxd5 Qc3 39. Qe6+ Kh8 40.
Nc4 Rxh2 41. Rc1 Qh3 42. Rf5 Bd7 43. Qxd7 Rg8 44. gxh6 Qxh6 45. Ne5 Qb6 46. Qf7
g6 47. Rf6 Qxf6 48. Qxf6+ Kh7 49. f5 g5 50. Qe7+ Rg7 51. f6 Rxe7 {
QueenMaxima resigns} 1-0

[Event "ICS rated blitz match"]
[Site "204.178.125.65"]
[Date "2000.05.15"]
[Round "?"]
[White "vadux"]
[Black "Hossa"]
[Result "0-1"]
[WhiteElo "2217"]
[BlackElo "2432"]
[PlyCount "176"]
[EventDate "2000.??.??"]

1. d4 Nf6 2. c4 e6 3. Nc3 Bb4 4. e3 b6 5. Bd3 Bb7 6. Nge2 Nc6 7. O-O O-O 8. a3
Be7 9. e4 e5 10. d5 Nb8 11. b4 a5 12. Rb1 axb4 13. axb4 Na6 14. Na2 Qc8 15. Qb3
Ng4 16. f3 Nf6 17. Bd2 Bc5+ 18. Kh1 Be7 19. Rfc1 c6 20. Ng3 d6 21. Nf5 Qd8 22.
Be3 Nd7 23. Nxe7+ Qxe7 24. Nc3 c5 25. b5 Nb4 26. Bf1 f5 27. exf5 Rxf5 28. Bd2
g6 29. Ra1 Qd8 30. Ne4 Qf8 31. Rxa8 Bxa8 32. Ra1 Bb7 33. Ra7 Bc8 34. Ra8 h6 35.
Kg1 g5 36. Rxc8 Qxc8 37. Nxd6 Qf8 38. Nxf5 Qxf5 39. Bxb4 cxb4 40. Qxb4 Nc5 41.
Qd2 e4 42. fxe4 Qxe4 43. g3 Qb1 44. d6 Qf5 45. h3 Kf8 46. Bg2 Kf7 47. Kh2 Ke6
48. Bc6 Qd3 49. Qe1+ Kxd6 50. Qf2 Qxc4 51. Qf6+ Ne6 52. h4 gxh4 53. Qxh4 Qxh4+
54. gxh4 Nd4 55. Be8 Ke7 56. Bg6 Nxb5 57. Kg3 Kf6 58. Bd3 Nc3 59. Kg4 b5 60.
Kf3 b4 61. Ke3 Ke5 62. Kd2 Kd4 63. Bg6 b3 64. Kc1 Kc5 65. Kb2 Kb4 66. h5 Na4+
67. Kb1 Ka3 68. Bc2 Nc3+ 69. Kc1 Ne2+ 70. Kb1 bxc2+ 71. Kxc2 Nf4 72. Kd2 Kb2
73. Ke3 Nxh5 74. Kf3 Nf6 75. Kg3 Kc3 76. Kg2 h5 77. Kg3 Kd4 78. Kg2 Ke4 79. Kh2
Kf3 80. Kh1 Kg3 81. Kg1 h4 82. Kh1 h3 83. Kg1 Ng4 84. Kh1 Nf2+ 85. Kg1 h2+ 86.
Kf1 h1=Q+ 87. Ke2 Qd5 88. Ke3 Qd3# {vadux checkmated} 0-1

[Event "ICS rated blitz match"]
[Site "204.178.125.65"]
[Date "2000.05.15"]
[Round "?"]
[White "Hossa"]
[Black "vadux"]
[Result "1/2-1/2"]
[WhiteElo "2439"]
[BlackElo "2210"]
[PlyCount "87"]
[EventDate "2000.??.??"]

1. e4 e6 2. d4 d5 3. Nc3 Nf6 4. Bg5 Bb4 5. e5 h6 6. Bd2 Bxc3 7. bxc3 Ne4 8. Nf3
c5 9. Bd3 Nxd2 10. Qxd2 Qa5 11. O-O Nc6 12. dxc5 Qxc5 13. Rfb1 a6 14. a4 O-O
15. Rd1 Na5 16. Nd4 Bd7 17. Nb3 Nxb3 18. cxb3 Rac8 19. Rac1 Rc7 20. Bb1 Rfc8
21. Qd3 g6 22. Qd2 Kg7 23. Rc2 Qe7 24. Re1 b5 25. axb5 Bxb5 26. Rd1 h5 27. Rdc1
Qd8 28. Ra2 Qe7 29. Bd3 Qc5 30. Bxb5 axb5 31. Qf4 Qe7 32. Rac2 b4 33. c4 dxc4
34. bxc4 Rc5 35. Rb2 Rb8 36. Rcb1 Qb7 37. g4 hxg4 38. Qf6+ Kg8 39. Rxb4 Qxb4
40. Rxb4 Rxb4 41. Qd8+ Kg7 42. Qf6+ Kg8 43. Qd8+ Kg7 44. Qf6+ 1/2-1/2

[Event "ICS rated blitz match"]
[Site "204.178.125.65"]
[Date "2000.05.15"]
[Round "?"]
[White "Hossa"]
[Black "BlackDog"]
[Result "1-0"]
[WhiteElo "2430"]
[BlackElo "2078"]
[PlyCount "59"]
[EventDate "2000.??.??"]

1. e4 c6 2. d4 d5 3. Nc3 dxe4 4. Nxe4 Bf5 5. Ng3 Bg6 6. h4 h6 7. Nf3 Nf6 8. Ne5
Bh7 9. Bc4 e6 10. Bf4 Nbd7 11. Bb3 Be7 12. Nc4 Nb6 13. Nxb6 axb6 14. Be5 O-O
15. h5 Bd6 16. O-O Ra5 17. Re1 Bxe5 18. Rxe5 Rxe5 19. dxe5 Nd5 20. c4 Nf4 21.
Qg4 Qg5 22. Qxg5 hxg5 23. Re1 Rd8 24. Nf1 Rd2 25. Nxd2 Nxh5 26. g3 Bf5 27. Ne4
Bg4 28. Nxg5 g6 29. f3 Bf5 30. g4 {BlackDog resigns} 1-0

[Event "ICS rated blitz match"]
[Site "204.178.125.65"]
[Date "2000.05.15"]
[Round "?"]
[White "BlackDog"]
[Black "Hossa"]
[Result "0-1"]
[WhiteElo "2074"]
[BlackElo "2434"]
[PlyCount "64"]
[EventDate "2000.??.??"]

1. c4 e5 2. Nc3 Nf6 3. Nf3 Nc6 4. g3 Bb4 5. Bg2 O-O 6. O-O e4 7. Ng5 Bxc3 8.
bxc3 Re8 9. f3 exf3 10. Nxf3 d5 11. cxd5 Qxd5 12. d3 Qc5+ 13. Kh1 Qxc3 14. Rb1
Qc5 15. Bb2 Ng4 16. d4 Qe7 17. Ne5 Ncxe5 18. dxe5 Ne3 19. Qd4 Nxf1 20. Rxf1 c5
21. Qc3 Be6 22. Rd1 Bxa2 23. e6 f6 24. Rd7 Qxe6 25. Rxb7 Bd5 26. Rc7 Bxg2+ 27.
Kxg2 Qxe2+ 28. Kg1 Qd1+ 29. Kg2 Re2+ 30. Kh3 Qf1+ 31. Kh4 Rxh2+ 32. Kg4 h5# {
BlackDog checkmated} 0-1

[Event "ICS rated blitz match"]
[Site "204.178.125.65"]
[Date "2000.05.15"]
[Round "?"]
[White "Hossa"]
[Black "BlackDog"]
[Result "1/2-1/2"]
[WhiteElo "2438"]
[BlackElo "2070"]
[PlyCount "145"]
[EventDate "2000.??.??"]

1. e4 c6 2. d4 d5 3. Nc3 dxe4 4. Nxe4 Bf5 5. Ng3 Bg6 6. h4 h6 7. Nf3 Nd7 8. h5
Bh7 9. Bd3 Bxd3 10. Qxd3 e6 11. Bd2 Ngf6 12. O-O-O Be7 13. Ne4 Nxe4 14. Qxe4
Nf6 15. Qe2 Qd5 16. c4 Qe4 17. Rde1 Qxe2 18. Rxe2 b5 19. Ne5 bxc4 20. Nxc6 Nd5
21. Kb1 Bf6 22. Rc1 Nb6 23. Ba5 Kd7 24. Ne5+ Bxe5 25. dxe5 Rhc8 26. Re4 Rc5 27.
Bxb6 axb6 28. Rcxc4 Raa5 29. f4 Rxc4 30. Rxc4 Rd5 31. g4 Rd1+ 32. Rc1 Rd2 33.
Rg1 Rf2 34. Rd1+ Kc6 35. Rd4 Rg2 36. Rc4+ Kb7 37. b4 Rxg4 38. Rd4 Kc6 39. a4
Rh4 40. Rd6+ Kc7 41. Rd4 Rxh5 42. a5 bxa5 43. bxa5 Rh3 44. Kb2 f6 45. Rc4+ Kb7
46. exf6 gxf6 47. Re4 Rh5 48. a6+ Kxa6 49. Rxe6+ Kb5 50. Rxf6 Kc4 51. Rc6+ Kd5
52. Ra6 Ke4 53. Ra4+ Kf5 54. Ra5+ Kg4 55. Rxh5 Kxh5 56. f5 Kg5 57. f6 Kxf6 58.
Kc3 Kf5 59. Kd3 Kf4 60. Ke2 Kg3 61. Kf1 Kh2 62. Kf2 h5 63. Kf3 h4 64. Kf2 h3
65. Kf1 Kg3 66. Kg1 Kf3 67. Kh2 Kg4 68. Kh1 Kg3 69. Kg1 Kf3 70. Kh2 Kg4 71. Kh1
Kh4 72. Kh2 Kg4 73. Kh1 1/2-1/2

[Event "ICS rated blitz match"]
[Site "204.178.125.65"]
[Date "2000.05.15"]
[Round "?"]
[White "sanchess64"]
[Black "Hossa"]
[Result "1/2-1/2"]
[WhiteElo "2112"]
[BlackElo "2425"]
[PlyCount "114"]
[EventDate "2000.??.??"]

1. e4 e5 2. Nf3 Nc6 3. d4 exd4 4. Nxd4 Bc5 5. Nxc6 Qf6 6. Qd2 dxc6 7. Nc3 Be6
8. Qf4 Bb4 9. Qxf6 Nxf6 10. f3 O-O 11. Bd2 Rfe8 12. a3 Ba5 13. O-O-O Rad8 14.
Be1 Rxd1+ 15. Kxd1 Rd8+ 16. Kc1 Nh5 17. g3 c5 18. Be2 Kh8 19. Nd1 Bxe1 20. Rxe1
Nf6 21. Ne3 a5 22. Rd1 Rd4 23. c3 Rxd1+ 24. Kxd1 Bb3+ 25. Kd2 a4 26. Nc4 b6 27.
Ke3 Nd7 28. f4 Kg8 29. Nd2 Bc2 30. Bb5 Nf8 31. Bd3 Bxd3 32. Kxd3 b5 33. f5 Nd7
34. Nf3 f6 35. g4 Nb6 36. Nd2 Nc8 37. e5 fxe5 38. Ke4 Nb6 39. Kxe5 h6 40. Ke6
Kf8 41. h4 Kg8 42. Ke7 Kh8 43. g5 hxg5 44. hxg5 Nd5+ 45. Ke6 Nf4+ 46. Kf7 c4
47. Ne4 Nd3 48. g6 Ne5+ 49. Ke6 Nd3 50. f6 gxf6 51. Kxf6 Kg8 52. Ng5 Nc5 53.
Nf7 Ne4+ 54. Kf5 Ng3+ 55. Kf6 Ne4+ 56. Ke5 Nf2 57. Kf6 Ne4+ 1/2-1/2

[Event "ICS rated blitz match"]
[Site "204.178.125.65"]
[Date "2000.05.15"]
[Round "?"]
[White "QueenMaxima"]
[Black "Hossa"]
[Result "1-0"]
[WhiteElo "2524"]
[BlackElo "2419"]
[PlyCount "133"]
[EventDate "2000.??.??"]

1. e4 e5 2. Nf3 Nc6 3. Bb5 a6 4. Ba4 Nf6 5. O-O Be7 6. Re1 b5 7. Bb3 d6 8. c3
O-O 9. h3 Na5 10. Bc2 c5 11. d4 Nd7 12. Nbd2 cxd4 13. cxd4 Bb7 14. d5 Rc8 15.
a4 b4 16. Bd3 Nc5 17. Bf1 f5 18. exf5 Bxd5 19. Nc4 Bxc4 20. Bxc4+ Nxc4 21. Qd5+
Rf7 22. Qxc4 e4 23. Nd4 d5 24. Qe2 Nd3 25. Rd1 Bc5 26. Be3 Bxd4 27. Bxd4 Rc4
28. Qe3 Rxf5 29. b3 Rc2 30. Rd2 Qc7 31. Rxc2 Qxc2 32. Qg3 g6 33. Qb8+ Rf8 34.
Qa7 Rf7 35. Qa8+ Rf8 36. Qxd5+ Rf7 37. Qd8+ Rf8 38. Qe7 Rf7 39. Qe8+ Rf8 40.
Qe6+ Rf7 41. Qxe4 Qxb3 42. Qa8+ Rf8 43. Qxa6 Qc2 44. Qe6+ Rf7 45. Qe8+ Rf8 46.
Qd7 Rf7 47. Qd8+ Rf8 48. Qd5+ Rf7 49. Qd6 Qe2 50. Qd8+ Rf8 51. Qd5+ Rf7 52. a5
Qd2 53. a6 Nf4 54. a7 Ne2+ 55. Kh1 Qxd4 56. Qxd4 Nxd4 57. a8=Q+ Kg7 58. Qd5 Nc2
59. Ra2 Rxf2 60. Ra7+ Kh6 61. Qe4 Rf1+ 62. Kh2 Kg5 63. h4+ Kh6 64. Qe7 Rf7 65.
Qxf7 Kh5 66. Kh3 h6 67. g4# {Hossa checkmated} 1-0

[Event "ICS rated blitz match"]
[Site "204.178.125.65"]
[Date "2000.05.15"]
[Round "?"]
[White "sanchess64"]
[Black "Hossa"]
[Result "0-1"]
[WhiteElo "2045"]
[BlackElo "2412"]
[PlyCount "51"]
[EventDate "2000.??.??"]

1. d4 Nf6 2. c4 e6 3. g3 c5 4. Nf3 cxd4 5. Nxd4 d5 6. cxd5 Qxd5 7. Nf3 Qxd1+ 8.
Kxd1 Nc6 9. Nc3 Bc5 10. e3 O-O 11. Bg2 Nb4 12. a3 Rd8+ 13. Ke2 Nc6 14. b4 Bd6
15. Bb2 e5 16. h3 Be6 17. Rhd1 Bc4+ 18. Ke1 Bc7 19. Ne2 Nd5 20. Nxe5 Bxe5 21.
Bxe5 Nxe5 22. Bxd5 Rxd5 23. Nd4 Nd3+ 24. Kd2 Nxf2 25. Kc3 Nxd1+ 26. Rxd1 {
sanchess64 resigns} 0-1

[Event "ICS rated blitz match"]
[Site "204.178.125.65"]
[Date "2000.05.15"]
[Round "?"]
[White "Hossa"]
[Black "PostModernist"]
[Result "0-1"]
[WhiteElo "2418"]
[BlackElo "2635"]
[PlyCount "124"]
[EventDate "2000.??.??"]

1. e4 c6 2. d4 Na6 3. Nf3 d6 4. Bxa6 Qa5+ 5. Nbd2 Qxa6 6. c4 Bg4 7. h3 Bxf3 8.
Qxf3 Nf6 9. e5 dxe5 10. dxe5 Nd7 11. Qe4 Nc5 12. Qc2 O-O-O 13. O-O e6 14. Nf3
Be7 15. Bg5 f6 16. Be3 Nd3 17. Rfd1 Nxe5 18. Rxd8+ Bxd8 19. Nxe5 fxe5 20. Qe4
Bf6 21. Qg4 Re8 22. Qh5 Rd8 23. Qg4 c5 24. Bxc5 Rd2 25. b3 e4 26. Re1 Qc6 27.
Bb4 Rxa2 28. Rxe4 Ra6 29. Re1 h6 30. Qg6 Qd7 31. Qh7 Qd8 32. Qe4 Bd4 33. Qc2
Qf6 34. Qd2 Rb6 35. Re2 e5 36. Qe1 Qf5 37. c5 Rb5 38. c6 bxc6 39. Qc1 c5 40.
Be1 Qd3 41. Rc2 Qxb3 42. Qd1 Kc7 43. Qe2 a5 44. Qe4 Qb1 45. Qe2 a4 46. Qd2 a3
47. h4 Bb2 48. Rxb2 axb2 49. Qe2 e4 50. Qxb5 Qxe1+ 51. Kh2 Qb4 52. Qe8 Qb8 53.
Qe7+ Kb6+ 54. g3 b1=Q 55. Qxg7 Qd6 56. Qh7 Qf6 57. Qxh6 Qxh6 58. f3 exf3 59.
Kh3 Qh1+ 60. Kg4 f2 61. Kf5 Qf3+ 62. Ke5 Qhf6# {Hossa checkmated} 0-1